Movies Quiz

Random Movies or Quote Quiz

Movie by Repeated Quote Quiz Stats

Quiz Updated May 29, 2016

Challenge
Share
Tweet
Embed
Score 0/18 Timer 05:00
0 Plays Today
% Correct
Star Wars: Episode IV - A New Hope
98.3%
The Lion King
96.9%
American Pie
88.1%
The Dark Knight
84.6%
Casablanca
83.3%
Finding Nemo
81.3%
The Blues Brothers
78.3%
The Truman Show
75.9%
The Princess Bride
71.9%
% Correct
A Christmas Story
71.3%
The Big Lebowski
67.6%
Groundhog Day
67.2%
Madagascar
64%
The Shawshank Redemption
62.3%
Good Will Hunting
57.6%
Airplane!
57.6%
Fight Club
52.3%
Clerks
50.7%

You're not logged in!

Compare scores with friends on all Sporcle quizzes.
Sign Up with Email
OR
Log In

You Might Also Like...

Show Comments

Extras

Top Quizzes Today


Score Distribution

Your Account Isn't Verified!

In order to create a playlist on Sporcle, you need to verify the email address you used during registration. Go to your Sporcle Settings to finish the process.